000 01365nam a22003977i 4500
001 B-12596
003 CO-BoFNCP
007 t||
008 090911s2008 ck r spa d
040 _aCO-BoFNCP
_bspa
_cCO-BoFNCP
_erda
041 _aspa
043 _ack
084 _aA-
100 1 _aÁvila, Laura,
_eautor.
_4aut
_941362
245 0 0 _aEnsayos preliminares de la estrategia metagenómica para la posible identificación de agentes asociados a la Pudrición del Cogollo.
264 4 _c©2008
300 _apáginas 1-4 :
_bTablas, gráficos, fotografías.
336 _atexto
_btxt
_2rdacontent
337 _asin mediación
_bn
_2rdamedia
338 _avolumen
_bnc
_2rdacarrier
504 _aIncluye referencias bibliográficas.
650 0 _aBiotecnología.
_93563
650 0 _aInvestigación.
_913642
650 0 _aPudrición del cogollo
_930852.
650 0 _aPalma de aceite
_937678.
700 1 _aCepero, María C.
_941363.
700 1 _aRestrepo, Silvia
_941364.
700 1 _aRocha S., Pedro J.
_939053.
700 1 _aRojas F., Alejandro
_941365.
700 1 _aSierra, Roberto
_941366.
710 1 _aCorporación Centro de Investigación en Palma de Aceite, Cenipalma [Colombia]
_936971.
773 0 _aCeniavances (Colombia)
_gNo. 160 (Abril 2008), p.1-4
_wA-
_x0123-8353
942 _2z
_c1
999 _c26568
_d26568
999 _z1